Statistiques concernant Les dirigeants ayant causés le plus de morts

Cliquez ici pour prendre le quiz!

Statistiques générales

  • Ce quiz a été pris 143 fois
  • Le résultat moyen est 3 sur 10

Statistiques - réponses

Nb de victimesDirigeants% Correct
20-40 millionsAdolph Hitler
84%
20-50 millionsJoseph Staline
77%
70 millionsMao Zedong
67%
3-4 millionsPol Pot
33%
30-40 millionsGengis Khan
20%
10-15 millionsLéopold II
13%
3 millionsKim Il Sung
10%
2-3 millionsEnver Pacha
2%
2,5 millionsOmar El Béchir
1%
5-8 millionsTojo Hideki
1%

Distribution des résultats

Percentile par nombre de réponses

% des personnes avec chaque résultat

Votre développement - résultats

Vous n’avez pas pris ce quiz